| 000 | 00756nam a22002177a 4500 | ||
|---|---|---|---|
| 003 | UA-OsUOA | ||
| 001 | 39912 | ||
| 007 | ta | ||
| 008 | 20060705b un ||||| |||| 00| 0 ukr d | ||
| 090 |
_a655.11(038) _bС48 |
||
| 942 | _cBK | ||
| 040 |
_aUA-OsUOA _brus _cUA-OsUOA _dUA-OsUOA |
||
| 245 |
_aСловарь книжников и книжности Древней Руси _cотв. ред. Д. С. Лихачев |
||
| 300 | _a529 с. | ||
| 955 | _a1 | ||
| 041 | _arus | ||
| 080 | _a655.11(038) | ||
| 260 |
_aЛенинград _bНаука _c1989 |
||
| 650 | 7 |
_a655 Поліграфічна промисловість. Поліграфічні підприємства. Видавництва. Книжкова торгівля _2UDC |
|
| 999 |
_c326053 _d326053 |
||